Výstava obrazov akad. maliara V. Černého

Správa o výstave obrazov Václava Černého v Trnave, ktorá potrvá do 26.10.1926. Stručne o živote maliara

Bibliographic Details
Format: Article
Language:Slovak
Subjects:

MARC

LEADER 00000nab a22000001a 4500
001 vtls008997926
003 SK-MaSNL
005 20260303065824.0
008 070611d19261024xo |r|p|||| |000 b|slo
015 |a SNBRRBVU1918-1938 
038 |a SNKBUCL 
038 |a SNKBUVU 
040 |a SNKBUVU  |b slo  |c SNKBUCL  |e AACR2 
041 0 |a slo 
044 |a xo  |c SK 
080 |a 75.071.1:061.4  |2 1997 
245 0 0 |a Výstava obrazov akad. maliara V. Černého 
500 |a V rubrike Divadlo a umenie 
520 |a Správa o výstave obrazov Václava Černého v Trnave, ktorá potrvá do 26.10.1926. Stručne o živote maliara 
600 1 7 |a Černý, Václav,  |d 1872-1947   |2 MM  |9 102779 
648 7 |a 1926  |2 MM  |9 296465 
650 0 7 |a české maliarstvo  |2 MM  |9 3112 
650 0 7 |a výstavy  |2 snkbucl  |9 2780 
651 7 |a Trnava (Slovensko)  |2 MM  |9 19407 
773 0 |t Nové Slovensko  |g Roč. 3, č. 43 (24.10.1926), s. 4 
852 |a SNK  |b KIS3GCP 
910 |a snkrbvumm 
958 |a VY 
958 |a CZ 
999 |c 1752869  |d 1754799